000 00923nam a22002537a 4500
005 20240530110626.0
008 170104s2015 ua g b 000 0 ara d
017 _a23733/2014
_bمصر. دار الكتب
020 _a9789773192204
040 _aEG-CaGPL
_cEG-CaGPL
082 0 4 _221
_a342.03\
_bن م
100 0 _aنبراس المعمورى
245 1 0 _aمحنة الدستور و اشكالية التعديل /
_cنبراس المعمورى
250 _aط. 1
260 _aالقاهرة :
_bالعربى للنشر و التوزيع ،
_c2015.
300 _a254 ص. ؛
_c24 سم.
504 _aيشتمل على ارجاعات ببليوجرافية
650 0 7 _2qrmak
_aالدساتير
_xتعديلات
650 0 7 _2qrmak
_aالقانون الدستورى
650 0 7 _2qrmak
_aالاصلاح الدستورى
651 _2qrmak
942 _2ddc
_cBK
999 _c63161
_d63161